MARC

LEADER 00000nam a2200000 a 4500
001 vtls010665521
003 SK-MaSNL
005 20260301220045.0
008 181130s2015 xo o g c 000 0 slo
015 |a SNBA2016/01 
020 |a 9788089555468  |q (hrebeňová väzba) 
035 |a urn:nbn:sk:snk-am00b8g9 
035 |a urn:nbn:sk:snk-am3h86k 
035 |a 0DCDD692-9E4D-4DD7-A13B-CE5A85A24BF0 
040 |a SNK  |b slo  |c SNK  |e AACR2 
041 0 |a slo 
043 |a e-xo--- 
044 |a xo  |c SK 
072 7 |a 72/76  |x Výtvarné umenie  |2 konspekt 
072 7 |a 378  |x Vysoké školy  |2 konspekt 
080 |a 378.6:7  |2 2001 
080 |a 77.08:316.776.33/.34  |2 2001 
080 |a 7.038.53  |2 2001 
080 |a 72/76:004.92/.94  |2 2001 
080 |a (437.6)  |2 2001 
080 |a 371.3  |2 2001 
080 |a 378.09  |2 2001 
080 |a (082.2)  |2 2001 
080 |a (083.82)  |2 2001 
245 0 0 |a IDM+15  |b 15 rokov Katedry intermédií a digitálnych médií  |c [zostavenie Michal Murín ; autori textov Ján Adamove ... [et al.]] 
246 3 0 |a IDM+15/Enter+ 
246 3 0 |a 15 rokov Katedry intermédií a digitálnych médií 
250 |a 1. vyd. 
260 |a Banská Bystrica  |b Akadémia umení, Fakulta výtvarných umení  |c 2015 
300 |a 83 s.  |b fotogr.  |c 30 cm 
500 |a Názov z obalu 
500 |a Obsahuje zoznamy absolventov, pedagógov, výstav 
500 |a V tiráži rok vydania 2014-2015 
504 |a Bibliografia s. 76-77 
610 2 7 |a Akadémia umení v Banskej Bystrici.  |b Fakulta výtvarných umení.  |b Katedra intermédií a digitálnych médií  |2 SNKKA  |9 240262 
648 7 |a 20.-21. stor.  |2 SNKPH  |9 270701 
648 7 |a 20th-21st centuries  |2 SNKPHeng  |9 285312 
650 0 7 |a digitálne umenie  |2 SNKPH  |9 86258 
650 0 7 |a Digital art  |2 SNKPHeng  |9 132624 
650 0 7 |a vysoké školy umelecké  |2 SNKPH  |9 69226 
650 0 7 |a štúdium a výučba  |2 SNKPH  |9 3982 
650 0 7 |a katedry vysokých škôl  |2 SNKPH  |9 163315 
650 0 7 |a intermedialita  |2 SNKPH  |9 138944 
650 0 7 |a multimediálne umenie  |2 SNKPH  |9 2877 
650 0 7 |a Art academies  |2 SNKPHeng  |9 323301 
650 0 7 |a Study and teaching  |2 SNKPHeng  |9 265408 
650 0 7 |a University departments  |2 SNKPHeng  |9 276028 
650 0 7 |a intermedialita  |2 SNKPHeng  |9 138944 
650 0 7 |a Multimedial art  |2 SNKPHeng  |9 323304 
651 7 |a Banská Bystrica (Slovensko)  |2 SNKPH  |9 22015 
651 7 |a Banská Bystrica (Slovakia)  |2 SNKPHeng  |9 243794 
655 7 |a jubilejné publikácie  |2 SNKPH  |9 70339 
655 7 |a Jubilee works  |2 SNKPHeng  |9 326841 
655 7 |a Catalogs  |2 SNKPHeng  |9 266059 
655 7 |a katalógy  |2 SNKPH  |9 60821 
700 1 |a Murin, Michal,  |d 1963-  |4 aut  |4 ccp  |4 com  |9 209844 
700 1 |a Adamove, Ján,  |d 1971-  |4 aut  |9 483175 
700 1 |a David, Jiří  |4 aut  |9 606695 
700 1 |a Havránková, Milota,  |d 1945-  |4 aut  |9 103949 
700 1 |a Janáčik, Peter,  |d 1966-  |4 aut  |9 135371 
700 1 |a Nicz, Miroslav,  |d 1963-  |4 aut  |9 186106 
700 1 |a Rusnáková, Katarína,  |d 1959-  |4 aut  |9 199879 
852 |a Štátna vedecká knižnica v Banskej Bystrici 
919 |a 978-80-89555-46-8 
999 |c 930463  |d 932393 
952 |a SNK  |b SNK  |y PREZ  |7 0  |p 17A1155726  |o snkSB 88191  |i snk2015/12700  |8 0  |0 0  |1 0  |4 0  |d 2015-04-15  |f 1  |l 0  |r 2025-05-12 00:00:00  |w 2026-02-24 
952 |a SNK  |b SNK  |y VYP  |7 0  |p 17A1155727  |o snkSB 88191 D1  |i snk2015/12701  |8 0  |0 0  |1 0  |4 0  |d 2015-04-15  |l 0  |r 2026-02-24 08:46:35  |w 2026-02-24